La reina trotamundos en china / (Record no. 15515)

000 -CABECERA
fixed length control field 00740nam a22002297a 4500
003 - IDENTIFICADOR DEL NÚMERO DE CONTROL
control field AR-CdUCM
008 - DATOS DE LONGITUD FIJA--INFORMACIÓN GENERAL
fixed length control field 190429b ||||| |||| 00| 0 spa d
020 ## - NÚMERO INTERNACIONAL ESTÁNDAR DEL LIBRO
ISBN 978-84-9825-248-4
040 ## - FUENTE DE LA CATALOGACIÓN
Agencia/entidad que catalogó originalmente la obra MUNICIPALIDAD PROVINCIAL DEL CUSCO
Entidad que transcribió la catalogación BIBLIOTECA MUNICIPAL DEL CUSCO
082 ## - NÚMERO DE LA CLASIFICACIÓN DECIMAL DEWEY
No. de Clasificación EP / 376.1 /
Notacion interna G23
100 ## - ENTRADA PRINCIPAL--NOMBRE DE PERSONA
Nombre Personal Ganges, Montse
245 ## - MENCIÓN DE TÍTULO
Título La reina trotamundos en china /
260 ## - PUBLICACIÓN, DISTRIBUCIÓN, ETC.
Lugar de publicación, distribución, etc. Barcelona :
Nombre de la editorial, distribuidor, etc. Combel,
Fecha de publicación, distribución, etc. 2007.
300 ## - DESCRIPCIÓN FÍSICA
Nº de Páginas Extensión 20 paginas ;
Otros detalles físicos Ilustraciones, graficos, dibujos
Dimensiones 24 cm.
650 ## - PUNTO DE ACCESO ADICIONAL DE MATERIA--TÉRMINO DE MATERIA
Descriptor Cuentos
9 (RLIN) 51592
650 ## - PUNTO DE ACCESO ADICIONAL DE MATERIA--TÉRMINO DE MATERIA
Descriptor Historia
9 (RLIN) 51593
650 ## - PUNTO DE ACCESO ADICIONAL DE MATERIA--TÉRMINO DE MATERIA
Descriptor Literatura
9 (RLIN) 83
700 ## - PUNTO DE ACCESO ADICIONAL--NOMBRE DE PERSONA
Nombre Personal Montserrat, Pep
9 (RLIN) 34614
942 ## - ELEMENTOS DE PUNTO DE ACCESO ADICIONAL (KOHA)
Fuente de clasificación
Tipo de item Libros-BMC
945 ## - PROCESAMIENTO DE INFORMACIÓN LOCAL (OCLC)
Catalogador pjha
AAAA-MM-DD - Fecha de ingreso o modificacion 2019-04-29
Holdings
Estado de retiro (separado) Fuente de clasificación o esquema de estanterías Estado dañado Ubicación Sala donde se ubica Nombre de la colección Fecha de adquisición o compra Costo, precio normal en soles Signatura topográfica Código de Barras Última vez visto (Koha) Tipo de ítem (Koha)
No     Sala de Infantes Sala de Infantes Children's Area 2019-04-29 20.00 EP / 376.1 / G23 SI00004057 2019-04-29 Libros-BMC
No     Sala de Infantes Sala de Infantes Children's Area 2019-04-29 20.00 EP / 376.1 / G23 / e.2 SI00004058 2019-04-29 Libros-BMC

Powered by Koha